[Event "Superettan(Kungstornet-Manhem)"]
[Site "?"]
[Date "2019.01.13"]
[Round "5"]
[White "Lundstrom, Mattias"]
[Black "Backlund, Anders"]
[Result "1/2-1/2"]
[WhiteElo "2160"]
[BlackElo "2307"]
[PlyCount "64"]
1. e4 e6 2. d4 d5 3. Nd2 Nf6 4. e5 Nfd7 5. Bd3 c5 6. c3 Nc6 7. Ne2 cxd4 8. cxd4
f6 9. exf6 Qxf6 10. Nf3 h6 11. Nc3 Bd6 12. a3 O-O 13. O-O Rd8 14. Bc2 Nf8 15.
b4 Bd7 16. Re1 Rac8 17. Bb2 Be8 18. Bd3 Bh5 19. Be2 Ng6 20. Nb5 Bb8 21. Ne5
Bxe2 22. Qxe2 a6 23. Nxc6 Rxc6 24. Nc3 Nf4 25. Qe3 Qg6 26. g3 Rf8 27. Rf1 Nd3
28. Ra2 Ba7 29. Ba1 Rc4 30. Rd2 Nf4 31. Ne2 Nxe2+ 32. Rxe2 Rc6 1/2-1/2

[Event "Superettan(Kungstornet-Manhem)"]
[Site "?"]
[Date "2019.01.13"]
[Round "5"]
[White "Andersson, Fredrik"]
[Black "Berggren Torell, Harald"]
[Result "1/2-1/2"]
[WhiteElo "2287"]
[BlackElo "2148"]
[PlyCount "49"]
1. e4 d6 2. d4 g6 3. Nf3 Nf6 4. Nc3 Bg7 5. h3 a6 6. a4 b6 7. Bd3 Nfd7 8. O-O
Bb7 9. Re1 Nc6 10. Bc4 O-O 11. Be3 e5 12. Nd5 h6 13. dxe5 Ndxe5 14. Nxe5 dxe5
15. c3 Ne7 16. Qb3 Bxd5 17. Bxd5 Nxd5 18. Rad1 Qe7 19. Rxd5 Qe6 20. Qd1 Rfe8
21. Qd2 h5 22. Rd1 Bf8 23. b3 c6 24. Rd7 Qxb3 25. Qe2 1/2-1/2

[Event "Superettan(Kungstornet-Manhem)"]
[Site "?"]
[Date "2019.01.13"]
[Round "5"]
[White "Pettersson, Anders"]
[Black "Glimbrant, Torbjorn"]
[Result "1/2-1/2"]
[WhiteElo "2088"]
[BlackElo "2269"]
[PlyCount "95"]
1. d4 Nf6 2. c4 g6 3. Nc3 Bg7 4. e4 d6 5. Nge2 O-O 6. Ng3 c5 7. d5 a6 8. Be2 e6
9. O-O exd5 10. exd5 Ne8 11. Be3 f5 12. Qd2 Nd7 13. Bh6 Ne5 14. Bxg7 Kxg7 15.
f4 Nf7 16. Rae1 Bd7 17. Rf3 Rb8 18. a4 Nf6 19. Re3 Re8 20. Rxe8 Nxe8 21. Nf1
Nf6 22. h3 Qa5 23. Bd3 Re8 24. Rxe8 Nxe8 25. Qe2 Kf8 26. g4 Qd8 27. g5 Qa5 28.
h4 Bxa4 29. Qe6 b5 30. h5 Qb4 31. Bxf5 Qxc4 32. hxg6 hxg6 33. Bxg6 Qxf4 34. Ne4
Bc2 35. Nfg3 Bxe4 36. Nxe4 c4 37. Bh5 Qc1+ 38. Kf2 Qxb2+ 39. Kf1 Qa1+ 40. Kg2
Qg7 41. g6 Nd8 42. Qf5+ Kg8 43. Bf3 Qe7 44. Qc8 Nc7 45. Qf5 Ne8 46. Qc8 Nc7 47.
Qf5 Ne8 48. Qc8 1/2-1/2

[Event "Superettan(Kungstornet-Manhem)"]
[Site "?"]
[Date "2019.01.13"]
[Round "5"]
[White "Couso, Luis"]
[Black "Bengtsson, Jonas"]
[Result "1-0"]
[WhiteElo "2288"]
[BlackElo "2122"]
[PlyCount "61"]
1. e4 c5 2. Nf3 e6 3. d4 cxd4 4. Nxd4 Nf6 5. Nc3 d6 6. g4 h6 7. Bg2 a6 8. h3
Bd7 9. O-O Nc6 10. Nde2 g5 11. a4 Ne5 12. b3 Be7 13. Ng3 Rc8 14. Nce2 h5 15.
gxh5 Nxh5 16. Be3 Nxg3 17. Nxg3 Qc7 18. c4 b5 19. cxb5 axb5 20. Qe2 Qc2 21.
Rfc1 Qxb3 22. Rxc8+ Bxc8 23. Qxb5+ Qxb5 24. axb5 Kd8 25. Bb6+ Ke8 26. Ra8 Kd7
27. Ra7+ Ke8 28. Bd4 Rh4 29. Bxe5 dxe5 30. b6 Bc5 31. Rc7 1-0

[Event "Superettan(Kungstornet-Manhem)"]
[Site "?"]
[Date "2019.01.13"]
[Round "5"]
[White "Aronsson, Marten"]
[Black "Rasti, Arvin"]
[Result "1-0"]
[WhiteElo "2272"]
[BlackElo "1863"]
[PlyCount "73"]
1. d4 Nf6 2. Nf3 d5 3. g3 Bg4 4. Bg2 e6 5. O-O c5 6. c4 Nc6 7. cxd5 exd5 8.
dxc5 Bxc5 9. Bg5 Be7 10. Nc3 Be6 11. Qa4 Qd7 12. Rad1 Rd8 13. e4 Nb4 14. Qxa7
O-O 15. e5 Ra8 16. Qd4 Ng4 17. Bxe7 Qxe7 18. h3 Nc6 19. Qf4 d4 20. Nxd4 Ngxe5
21. Rfe1 Qc5 22. a3 Rad8 23. Nxc6 Nxc6 24. Qc7 Rb8 25. Rd2 Rfc8 26. Qf4 Na5 27.
Ne4 Qc4 28. Bf1 Qc6 29. b4 Nb3 30. Rd6 Qc7 31. Ng5 Qc3 32. Qe4 Nd2 33. Qxh7+
Kf8 34. Rd3 Qb2 35. Qh8+ Ke7 36. Qh4 f6 37. Rxe6+ 1-0

[Event "Superettan(Vaxjo-Alingsas)"]
[Site "?"]
[Date "2019.01.13"]
[Round "5"]
[White "Solodovnichenko, Yuri"]
[Black "Winsnes, Rikard"]
[Result "1/2-1/2"]
[WhiteElo "2574"]
[BlackElo "2378"]
[PlyCount "60"]
1. e4 c5 2. Nf3 d6 3. d4 cxd4 4. Nxd4 Nf6 5. Nc3 g6 6. Be3 Bg7 7. f3 O-O 8. Qd2
Nc6 9. Bc4 Bd7 10. h4 Ne5 11. Bb3 h5 12. Bh6 Rc8 13. Bxg7 Kxg7 14. O-O-O Qa5
15. Qg5 Rxc3 16. bxc3 Qxc3 17. Nf5+ Bxf5 18. exf5 a5 19. fxg6 fxg6 20. Kb1 a4
21. Be6 Qb4+ 22. Ka1 Qc3+ 23. Kb1 Qb4+ 24. Ka1 a3 25. Qc1 Qc3+ 26. Kb1 d5 27.
Rhe1 Qb4+ 28. Ka1 Qc3+ 29. Kb1 Qb4+ 30. Ka1 Qc3+ 1/2-1/2

[Event "Superettan(Upsala-SodraSASS)"]
[Site "?"]
[Date "2019.01.12"]
[Round "4"]
[White "Larsson, Per"]
[Black "Salih, Akar Ali Salih"]
[Result "1/2-1/2"]
[WhiteElo "2291"]
[BlackElo "2239"]
[PlyCount "91"]
1. Nf3 Nf6 2. c4 g6 3. g3 Bg7 4. Bg2 O-O 5. O-O d6 6. d4 Nc6 7. Nc3 Bf5 8. Ne1
Qd7 9. e4 Bh3 10. Nc2 Bxg2 11. Kxg2 e5 12. d5 Ne7 13. Qe2 Rae8 14. Bd2 Nh5 15.
Rad1 h6 16. Ne3 Kh7 17. Qg4 f5 18. exf5 Nxf5 19. Nxf5 Rxf5 20. Ne4 Ref8 21. Qe2
R5f7 22. f3 Nf6 23. b3 a6 24. Be3 Qf5 25. Bc1 Qd7 26. g4 Nxe4 27. fxe4 Bf6 28.
h3 Bg5 29. Rxf7+ Rxf7 30. Bxg5 hxg5 31. Rf1 Qe7 32. Rf3 Rf4 33. Qe3 Qf6 34. Qc3
Kg7 35. a4 Kf7 36. b4 Ke7 37. c5 Rxf3 38. Qxf3 Qf4 39. Qxf4 exf4 40. a5 Kd7 41.
e5 dxe5 42. Kf3 Kc8 43. Ke4 Kb8 44. Kf3 Kc8 45. Ke4 Kb8 46. Kf3 1/2-1/2

[Event "Superettan(Manhem-Vaxjo)"]
[Site "?"]
[Date "2019.01.12"]
[Round "4"]
[White "Rydstrom, Tom"]
[Black "Lundstrom, Mattias"]
[Result "1-0"]
[WhiteElo "2310"]
[BlackElo "2160"]
[PlyCount "63"]
[SourceDate "2019.01.20"]
1. e4 c5 2. Nf3 d6 3. d4 cxd4 4. Nxd4 Nf6 5. Nc3 a6 6. Be2 e5 7. Nf5 d5 8. Bg5
d4 9. Bxf6 gxf6 10. Nb1 Bxf5 11. exf5 Nc6 12. O-O Qd7 13. Nd2 Qxf5 14. f4 Be7
15. Bd3 Qe6 16. Qh5 Rg8 17. h3 exf4 18. Rae1 Ne5 19. Qxh7 Rf8 20. Bf5 Qb6 21.
Qh6 d3+ 22. Kh1 Qxb2 23. Ne4 d2 24. Nxf6+ Kd8 25. Rd1 Nc4 26. Nd5 Qe5 27. Nb6
Qxf5 28. Nxc4 Qf6 29. Qxf6 Bxf6 30. Nb6 Rb8 31. Rxd2+ Kc7 32. Nd5+ 1-0

[Event "Superettan(Upsala-SodraSASS)"]
[Site "?"]
[Date "2019.01.12"]
[Round "4"]
[White "Johansson, Thomas"]
[Black "Adler, Bo"]
[Result "0-1"]
[WhiteElo "2235"]
[BlackElo "2176"]
[PlyCount "70"]
1. d4 Nf6 2. c4 e6 3. Nf3 d5 4. Nc3 Bb4 5. Qa4+ Nc6 6. e3 O-O 7. Be2 a6 8. Qc2
dxc4 9. Bxc4 Bd6 10. e4 e5 11. d5 Nd4 12. Nxd4 exd4 13. Ne2 Ng4 14. h3 Ne5 15.
Nxd4 c5 16. Nf3 f5 17. Nxe5 Bxe5 18. Bd3 fxe4 19. Bxe4 Qh4 20. Be3 Bxb2 21.
Bxh7+ Qxh7 22. Qxb2 Qe4 23. O-O-O Bf5 24. g4 Qc4+ 25. Kd2 Qxd5+ 26. Ke2 Qc4+
27. Ke1 Be4 28. Rg1 Rad8 29. Rc1 Bf3 30. Rg3 Qd5 31. Qb3 c4 32. Qc2 b5 33. Qd2
Qe4 34. Qb4 Rd3 35. Qc5 Rfd8 0-1

[Event "Superettan(Manhem-Vaxjo)"]
[Site "?"]
[Date "2019.01.12"]
[Round "4"]
[White "Bengtsson, Jonas"]
[Black "Lindberg, Bengt"]
[Result "0-1"]
[WhiteElo "2122"]
[BlackElo "2390"]
[PlyCount "96"]
1. d4 Nf6 2. c4 e6 3. Nc3 Bb4 4. e3 O-O 5. Bd3 d5 6. Nf3 c5 7. O-O Nc6 8. a3
Ba5 9. cxd5 exd5 10. dxc5 Bxc3 11. bxc3 Bg4 12. h3 Bh5 13. Be2 Qa5 14. Qc2 Rac8
15. Rb1 Bg6 16. Bd3 Rc7 17. Bxg6 hxg6 18. a4 Qxc5 19. Rb5 Qe7 20. Qb3 Rfc8 21.
Ba3 Qe8 22. Bd6 Rd7 23. Bf4 b6 24. Rd1 Na5 25. Qa2 Ne4 26. Be5 Nc4 27. Bd4 Qe6
28. Rbb1 f6 29. Rdc1 Rdc7 30. Rb5 Ned6 31. Rbb1 Qf7 32. Nd2 Nxd2 33. Qxd2 Kh7
34. Qa2 Rc4 35. Rb3 Qd7 36. Ra3 Ne4 37. Rc2 Nc5 38. Bxc5 R8xc5 39. Qb3 Qc6 40.
Rc1 Qc7 41. g3 Qc6 42. Rc2 a6 43. Rc1 d4 44. exd4 Rxd4 45. Ra2 Rdc4 46. Ra3 b5
47. axb5 axb5 48. Ra7 Rxc3 0-1

[Event "Superettan(Upsala-SodraSASS)"]
[Site "?"]
[Date "2019.01.12"]
[Round "4"]
[White "Fors, Tomas"]
[Black "Burwick, Malte"]
[Result "0-1"]
[WhiteElo "2160"]
[BlackElo "2228"]
[PlyCount "128"]
1. d4 Nf6 2. c4 g6 3. Nc3 Bg7 4. e4 d6 5. h3 O-O 6. Bg5 c5 7. d5 e6 8. Bd3 exd5
9. cxd5 Re8 10. Nf3 Na6 11. O-O Nc7 12. Re1 Rb8 13. a4 a6 14. a5 Bd7 15. Qb3 h6
16. Bf4 Bb5 17. Na4 Bxd3 18. Qxd3 Nb5 19. Nb6 Nh5 20. Bc1 Qe7 21. Nc4 Rbd8 22.
Rb1 Nf6 23. e5 dxe5 24. Rxe5 Qf8 25. Rxe8 Qxe8 26. d6 Qe4 27. Qxe4 Nxe4 28. Bf4
g5 29. Bh2 Nexd6 30. Bxd6 Nxd6 31. Rd1 Bd4 32. Nxd6 Rxd6 33. Nxd4 cxd4 34. Rd3
Rd5 35. Kf1 Kg7 36. Ke2 Kf6 37. Rb3 Rb5 38. Rf3+ Ke6 39. Kd3 Rb4 40. Kc2 f5 41.
Ra3 Ke5 42. Ra1 h5 43. Re1+ Kf4 44. Re7 h4 45. Rd7 Ke5 46. Re7+ Kf6 47. Rd7 f4
48. f3 Ke6 49. Rd8 Ra4 50. Re8+ Kf6 51. Rd8 Rxa5 52. Rxd4 Rc5+ 53. Kd2 Rb5 54.
Kc2 Ke5 55. Re4+ Kd5 56. Re7 a5 57. Re8 a4 58. Re4 Rc5+ 59. Kd2 b5 60. Re8 Kc4
61. Re2 Kb3 62. Kd3 b4 63. Re4 Rd5+ 64. Ke2 Rb5 0-1

[Event "Superettan(Manhem-Vaxjo)"]
[Site "?"]
[Date "2019.01.12"]
[Round "4"]
[White "Lekander, Rolf"]
[Black "Berggren Torell, Harald"]
[Result "1/2-1/2"]
[WhiteElo "2153"]
[BlackElo "2148"]
[PlyCount "64"]
1. Nf3 d6 2. d4 g6 3. g3 Bg7 4. Bg2 f5 5. O-O Nf6 6. b3 O-O 7. Bb2 c6 8. Nbd2
Qa5 9. e3 Nbd7 10. a4 Ne4 11. Nxe4 fxe4 12. Nd2 d5 13. f3 exf3 14. Nxf3 Nf6 15.
Ne5 Bf5 16. Qe2 Rae8 17. Rac1 Ne4 18. Nd3 Qd2 19. Qxd2 Nxd2 20. Rfd1 Bxd3 21.
Rxd2 Be4 22. Re2 Bxg2 23. Kxg2 e5 24. Rf2 exd4 25. Bxd4 b6 26. Bxg7 Kxg7 27.
Rxf8 Kxf8 28. Kf3 Re5 29. c4 Rf5+ 30. Ke2 c5 31. cxd5 Rxd5 32. Rc4 Ke7 1/2-1/2

[Event "Superettan(Upsala-SodraSASS)"]
[Site "?"]
[Date "2019.01.12"]
[Round "4"]
[White "Malm Lindberg, Henrik"]
[Black "Soderberg, Per"]
[Result "1/2-1/2"]
[WhiteElo "2179"]
[BlackElo "2136"]
[PlyCount "53"]
1. e4 c5 2. Nf3 d6 3. d4 cxd4 4. Nxd4 Nf6 5. Nc3 a6 6. Be2 e5 7. Nb3 Be6 8. O-O
Be7 9. Be3 O-O 10. Qd2 d5 11. exd5 Nxd5 12. Nxd5 Qxd5 13. Rfd1 Qxd2 14. Rxd2
Nc6 15. Nc5 Bxc5 16. Bxc5 Rfd8 17. Rxd8+ Rxd8 18. Kf1 f6 19. Ke1 Kf7 20. c3 Rd7
21. b4 e4 22. a4 Ne5 23. Bd4 Nd3+ 24. Bxd3 exd3 25. Kd2 Bc4 26. Re1 Re7 27.
Rxe7+ 1/2-1/2

[Event "Superettan(Upsala-SodraSASS)"]
[Site "?"]
[Date "2019.01.12"]
[Round "4"]
[White "Bergmanolson, Michael"]
[Black "Wagner, Stephan"]
[Result "0-1"]
[WhiteElo "2093"]
[BlackElo "2218"]
[PlyCount "100"]
1. e4 d5 2. exd5 Qxd5 3. Nc3 Qd6 4. d4 Nf6 5. Nf3 c6 6. h3 Bf5 7. Bd3 Bxd3 8.
Qxd3 Nbd7 9. Be3 e6 10. O-O-O Qc7 11. Kb1 Bd6 12. Ng5 Bf4 13. Nge4 Nd5 14. Nxd5
cxd5 15. Nc3 a6 16. Bxf4 Qxf4 17. g3 Qc7 18. f4 g6 19. Rhf1 O-O-O 20. g4 Nb6
21. b3 Kb8 22. Rc1 Rd6 23. Ne2 Rc6 24. f5 exf5 25. gxf5 Re8 26. Rf2 Qe7 27.
fxg6 fxg6 28. Rcf1 Ka7 29. Nc1 Rec8 30. Re2 Qh4 31. Rf7 R8c7 32. Rxc7 Rxc7 33.
Kb2 Re7 34. Rxe7 Qxe7 35. Ne2 Qf6 36. Qe3 g5 37. Ng1 h6 38. Nf3 Nc8 39. Kc1 Nd6
40. Kd1 Qf5 41. Ne5 Qf1+ 42. Qe1 Qxh3 43. c4 Ne4 44. cxd5 Nc3+ 45. Kc2 Nxd5 46.
Nc4 Nf4 47. Qd2 Qf5+ 48. Kc3 Nd5+ 49. Kb2 Qf4 50. Qd3 g4 0-1

[Event "Superettan(Manhem-Vaxjo)"]
[Site "?"]
[Date "2019.01.12"]
[Round "4"]
[White "Neretljak, Nedzad"]
[Black "Outgajjouft, Said"]
[Result "1-0"]
[WhiteElo "2140"]
[BlackElo "2059"]
[PlyCount "51"]
1. e4 Nf6 2. e5 Nd5 3. c4 Nb6 4. c5 Nd5 5. Bc4 e6 6. Nc3 Nxc3 7. bxc3 Bxc5 8.
d4 Bf8 9. Ne2 d5 10. Bd3 c5 11. O-O Nc6 12. Ng3 cxd4 13. cxd4 Nxd4 14. Qg4 Nc6
15. Nh5 Qe7 16. Nxg7+ Kd7 17. Nh5 h6 18. Bf4 Kc7 19. Rfc1 Bd7 20. Nf6 h5 21.
Qh4 Kc8 22. Rab1 Bh6 23. Bxh6 Rxh6 24. Qa4 a6 25. Ng8 Qg5 26. Qb4 1-0

[Event "Superettan(Upsala-SodraSASS)"]
[Site "?"]
[Date "2019.01.12"]
[Round "4"]
[White "Johansson, Carl Fredrik"]
[Black "Alquist, Erik"]
[Result "1-0"]
[WhiteElo "2228"]
[BlackElo "2034"]
[PlyCount "133"]
[EventDate "2019.??.??"]
1. d4 Nf6 2. c4 g6 3. Nc3 d5 4. Nf3 Bg7 5. Bg5 Ne4 6. cxd5 Nxg5 7. Nxg5 c6 8.
e3 cxd5 9. Qf3 f6 10. Nh3 e6 11. Nf4 O-O 12. h4 Nc6 13. h5 g5 14. h6 Bh8 15.
Nd3 b6 16. Qg3 e5 17. dxe5 fxe5 18. O-O-O Bf6 19. e4 d4 20. Nd5 Be6 21. Nxf6+
Qxf6 22. Rh5 Bxa2 23. Kd2 Bc4 24. Rxg5+ Kh8 25. Rf5 Qxh6+ 26. Ke1 Bxd3 27. Bxd3
Rg8 28. Qf3 Raf8 29. Bc4 Rxf5 30. exf5 Rf8 31. g4 Nb4 32. Qe4 Qf6 33. Ke2 Rd8
34. g5 Qxg5 35. Qxe5+ Qg7 36. f6 Qg4+ 37. Kd2 Nc6 38. Qg3 Qxg3 39. fxg3 Ne5 40.
Bb3 Rf8 41. Rf1 Nd7 42. f7 Kg7 43. Rf5 Nc5 44. Bd5 a5 45. g4 h6 46. Ke2 Rd8 47.
g5 Nd7 48. gxh6+ Kxh6 49. Kd3 Kg7 50. Kxd4 Kg6 51. Rf1 Kg7 52. Kc4 Ne5+ 53. Kd4
Nd7 54. Rg1+ Kf6 55. Ba2 Ne5+ 56. Ke4 Nd7 57. Rf1+ Ke7 58. Kf5 Nc5 59. Re1+ Kf8
60. Rg1 Ke7 61. Rg8 Rf8 62. Rg6 Na4 63. Rg2 Nc5 64. Re2+ Kd8 65. Kf6 Nd7+ 66.
Kg7 Kc7 67. Re8 1-0

[Event "Superettan(Manhem-Vaxjo)"]
[Site "?"]
[Date "2019.01.12"]
[Round "4"]
[White "Rasti, Arvin"]
[Black "Sevastianov, Andrii"]
[Result "1-0"]
[WhiteElo "1863"]
[BlackElo "2112"]
[PlyCount "139"]
1. d4 d5 2. c4 e6 3. Nc3 Nf6 4. Bg5 Be7 5. e3 Nbd7 6. Nf3 h6 7. Bh4 O-O 8. Rc1
c5 9. cxd5 Nxd5 10. Bxe7 Nxe7 11. Be2 cxd4 12. Qxd4 Nc6 13. Qa4 Nf6 14. O-O Qe7
15. Rfd1 e5 16. Bb5 Bd7 17. Ne4 Nxe4 18. Qxe4 f6 19. Bc4+ Be6 20. Nh4 Qf7 21.
Bxe6 Qxe6 22. Nf5 Ne7 23. Qc4 Qxc4 24. Nxe7+ Kf7 25. Rxc4 Kxe7 26. Rc7+ Ke6 27.
Rxg7 Rfd8 28. Rxd8 Rxd8 29. Kf1 Rd1+ 30. Ke2 Ra1 31. a3 b5 32. Rxa7 Ra2 33.
Ra6+ Kf5 34. Kf3 Rxb2 35. g4+ Kg6 36. h4 b4 37. h5+ Kg5 38. Kg3 Rb3 39. axb4
Rxb4 40. f3 Rb3 41. Ra8 f5 42. Rg8+ Kf6 43. Rg6+ Kf7 44. gxf5 Rxe3 45. Rxh6 e4
46. Kf4 Rxf3+ 47. Kxe4 Rf1 48. Rh7+ Kf6 49. Rh6+ Kf7 50. Rg6 Rh1 51. Ra6 Rf1
52. Ra3 Kf6 53. Ra6+ Kf7 54. h6 Re1+ 55. Kd4 Rd1+ 56. Ke3 Rf1 57. h7 Rh1 58.
Kf4 Rf1+ 59. Ke4 Re1+ 60. Kd5 Rd1+ 61. Ke5 Re1+ 62. Kd6 Rd1+ 63. Kc7 Rh1 64.
Rd6 Rc1+ 65. Kd8 Rh1 66. Rd7+ Kf6 67. Ke8 Kxf5 68. Kf8 Kf6 69. Rf7+ Kg6 70. Kg8
1-0

[Event "Superettan(Alingsas-Kungstornet)"]
[Site "?"]
[Date "2019.01.12"]
[Round "4"]
[White "Backlund, Anders"]
[Black "Agrest, Evgenij"]
[Result "0-1"]
[WhiteElo "2307"]
[BlackElo "2581"]
[PlyCount "72"]
1. e4 c6 2. d4 d5 3. e5 Bf5 4. c3 e6 5. Be3 Ne7 6. Nd2 Nd7 7. f4 Bg6 8. Ngf3
Nf5 9. Bf2 h5 10. Be2 Be7 11. b4 a5 12. a3 b6 13. O-O O-O 14. b5 c5 15. c4 Rc8
16. Kh1 Rc7 17. a4 Qb8 18. dxc5 Bxc5 19. cxd5 exd5 20. Nb3 Bxf2 21. Rxf2 Ne3
22. Qd2 Ng4 23. Rff1 Rc2 24. Qe1 Ne3 25. Rf2 Ng4 26. Rf1 Ne3 27. Rf2 Nc5 28.
Nfd4 Nxb3 29. Nxb3 Qc7 30. Bf3 Rxf2 31. Qxf2 Qc3 32. Re1 Nc2 33. Rd1 Qxb3 34.
Bxd5 Qc3 35. Qh4 Nd4 36. Re1 Qd2 0-1

[Event "Superettan(Vasteras II-Rock,Sthlm II)"]
[Site "?"]
[Date "2019.01.12"]
[Round "4"]
[White "Zadruzny, Nicolaj"]
[Black "Eriksson, Anders"]
[Result "1/2-1/2"]
[WhiteElo "2283"]
[BlackElo "2230"]
[PlyCount "121"]
[SourceDate "2019.02.07"]
1. e4 c6 2. Nf3 d5 3. exd5 cxd5 4. Ne5 Nc6 5. d4 Nxe5 6. dxe5 e6 7. Bd3 Ne7 8.
O-O g6 9. Nd2 Bg7 10. f4 Bd7 11. Nf3 Qb6+ 12. Kh1 Bb5 13. Be3 Qa6 14. Bxb5+
Qxb5 15. Nd4 Qa5 16. b4 Qa4 17. Qd3 O-O 18. Qb5 Qxb5 19. Nxb5 a6 20. Nd6 Nf5
21. Nxf5 gxf5 22. Bd4 Rac8 23. c3 f6 24. Bc5 Rf7 25. exf6 Bxf6 26. Rae1 Rc6 27.
Re3 b6 28. Bd4 Bxd4 29. cxd4 Rf6 30. Rd1 Kf7 31. Rh3 h6 32. Ra3 b5 33. Kg1 Rg6
34. Rd2 Rg8 35. Kf2 Rgc8 36. Kf3 Rc3+ 37. Rd3 Rxd3+ 38. Rxd3 Rc4 39. a3 Rc2 40.
Kg3 Kf6 41. Kf3 h5 42. h4 Ke7 43. g3 Kd6 44. Ke3 Kc6 45. Rd2 Rc3+ 46. Rd3 Rc4
47. Rd2 a5 48. bxa5 Ra4 49. Rd3 Rxa5 50. Kd2 Ra4 51. Kc2 Kb6 52. Re3 Ka5 53.
Rxe6 Rxa3 54. Re5 Rxg3 55. Rxf5 Rg4 56. Rxh5 Rxf4 57. Rxd5 Rxh4 58. Rg5 Rxd4
59. Rg3 Ka4 60. Kb2 Kb4 61. Rg2 1/2-1/2

[Event "Superettan(Alingsas-Kungstornet)"]
[Site "?"]
[Date "2019.01.12"]
[Round "4"]
[White "Winsnes, Rikard"]
[Black "von Bahr, Oskar"]
[Result "1/2-1/2"]
[WhiteElo "2378"]
[BlackElo "2405"]
[PlyCount "95"]
1. g3 e5 2. c4 Nf6 3. Bg2 c6 4. d4 Bb4+ 5. Bd2 Bxd2+ 6. Qxd2 d6 7. Nc3 O-O 8.
Rd1 Qe7 9. dxe5 dxe5 10. Nf3 e4 11. Nd4 e3 12. fxe3 Na6 13. O-O Be6 14. e4 Rad8
15. Qg5 h6 16. Qf4 Qc5 17. e5 Nd7 18. Ne4 Qxe5 19. Nxe6 fxe6 20. Qxe5 Nxe5 21.
Bh3 Rxf1+ 22. Rxf1 Re8 23. b3 Nf7 24. Rxf7 Kxf7 25. Nd6+ Ke7 26. Nxe8 Kxe8 27.
Bxe6 Nb4 28. a4 Ke7 29. Bc8 b6 30. Kf2 Nc2 31. e3 a5 32. Bg4 Kf6 33. Bf3 Nb4
34. Ke2 Ke5 35. Kd2 Kf5 36. Kc3 c5 37. Kd2 Na6 38. Bb7 Nb8 39. Ke2 Ke5 40. Kf3
Nd7 41. Bc6 Nf6 42. h4 Nh7 43. Be4 Nf6 44. Bg6 Ng8 45. Kg4 Nf6+ 46. Kf3 Ng8 47.
Bd3 Nf6 48. Bg6 1/2-1/2

[Event "Superettan(Vasteras II-Rock,Sthlm II)"]
[Site "?"]
[Date "2019.01.12"]
[Round "4"]
[White "Norberg, Erik"]
[Black "Bryntze, Stefan"]
[Result "1-0"]
[WhiteElo "2209"]
[BlackElo "2211"]
[PlyCount "57"]
[SourceDate "2019.02.11"]
1. e4 c5 2. Nf3 d6 3. c3 Nf6 4. h3 g6 5. Bd3 Bg7 6. Bc2 Nc6 7. O-O Bd7 8. d4
cxd4 9. cxd4 O-O 10. Nc3 Rc8 11. Bf4 Qa5 12. Bb3 Qh5 13. e5 Ne8 14. Ne2 Bxh3
15. Ng3 Qg4 16. Be3 dxe5 17. gxh3 Qxh3 18. Ng5 Qh4 19. Kg2 h6 20. Rh1 hxg5 21.
Rxh4 gxh4 22. Qg4 hxg3 23. Qxc8 exd4 24. Bg5 Nd6 25. Qg4 gxf2 26. Kxf2 Nf5 27.
Bf4 e5 28. Bd2 Re8 29. Qxg6 1-0

[Event "Superettan(Alingsas-Kungstornet)"]
[Site "?"]
[Date "2019.01.12"]
[Round "4"]
[White "Lyrberg, Patrik"]
[Black "Wengholm, Anders"]
[Result "1-0"]
[WhiteElo "2452"]
[BlackElo "2209"]
[PlyCount "57"]
1. d4 Nf6 2. c4 g6 3. Nc3 Bg7 4. e4 d6 5. Nf3 O-O 6. Be2 c5 7. d5 e6 8. h3 Re8
9. O-O exd5 10. exd5 Bf5 11. g4 Bc8 12. Bg5 Qb6 13. Qd2 h5 14. Bxf6 Bxf6 15.
gxh5 Bxh3 16. hxg6 Bf5 17. Bd3 Bxd3 18. Qxd3 Kg7 19. gxf7 Rh8 20. Qf5 Qd8 21.
Ne4 Rh6 22. Rae1 Na6 23. Neg5 Qh8 24. Ne6+ Kxf7 25. Neg5+ Kf8 26. Re7 Re8 27.
Rxe8+ Kxe8 28. Qc8+ Ke7 29. Qe6+ 1-0

[Event "Superettan(Vasteras II-Rock,Sthlm II)"]
[Site "?"]
[Date "2019.01.12"]
[Round "4"]
[White "Eriksson, Dan"]
[Black "Janse, Love"]
[Result "1-0"]
[WhiteElo "2161"]
[BlackElo "2187"]
[PlyCount "41"]
1. e4 e6 2. d4 d5 3. e5 c5 4. c3 Nc6 5. Nf3 Bd7 6. Be2 f6 7. O-O Qc7 8. Bf4
Nge7 9. Re1 Ng6 10. Bg3 Qb6 11. Na3 cxd4 12. exf6 gxf6 13. Nb5 e5 14. cxd4 Bb4
15. dxe5 fxe5 16. Qxd5 Nce7 17. Qc4 Bxb5 18. Qxb4 Bxe2 19. Qxb6 Bxf3 20. Qf6
Bc6 21. Rad1 1-0

[Event "Superettan(Alingsas-Kungstornet)"]
[Site "?"]
[Date "2019.01.12"]
[Round "4"]
[White "Andreasson, Ingvar"]
[Black "Aronsson, Marten"]
[Result "0-1"]
[WhiteElo "2327"]
[BlackElo "2272"]
[PlyCount "94"]
1. c4 c5 2. Nc3 Nc6 3. g3 g6 4. Bg2 Bg7 5. a3 a5 6. d3 e6 7. Nh3 Nge7 8. Nf4 d6
9. O-O O-O 10. Bd2 Rb8 11. Rb1 Bd7 12. Nb5 Be8 13. b4 axb4 14. axb4 Nxb4 15.
Bxb4 cxb4 16. Rxb4 Bc6 17. e4 Qd7 18. Qb3 Rfc8 19. Na7 Rc7 20. Ne2 Ra8 21. Nb5
Bxb5 22. cxb5 Rac8 23. Qb1 Rc2 24. Nd4 R2c5 25. b6 Bxd4 26. Rxd4 e5 27. Rb4 Nc6
28. Ra4 Nd4 29. Rxd4 exd4 30. Qb4 Qb5 31. Qxd4 Qxb6 32. Bh3 Ra8 33. Kg2 Ra2 34.
Qf6 Rcc2 35. d4 Rd2 36. Be6 fxe6 37. Qxe6+ Kf8 38. Qc8+ Ke7 39. Rc1 Rxf2+ 40.
Kh3 Rxh2+ 41. Kg4 Rhc2 42. Rxc2 Rxc2 43. Qxc2 Qc6 44. Qb1 b5 45. d5 Qc4 46. Kg5
Qe2 47. Kh6 Kf7 0-1

[Event "Superettan(Vasteras II-Rock,Sthlm II)"]
[Site "?"]
[Date "2019.01.12"]
[Round "4"]
[White "Kretz, Johan"]
[Black "Nikolic, Vladan"]
[Result "1-0"]
[WhiteElo "2207"]
[BlackElo "2157"]
[PlyCount "69"]
1. d4 Nf6 2. c4 e6 3. Nf3 d5 4. Nc3 dxc4 5. e3 a6 6. a4 c5 7. Bxc4 Nc6 8. O-O
Be7 9. Qe2 O-O 10. Rd1 Qc7 11. h3 b6 12. d5 exd5 13. Bxd5 Nxd5 14. Nxd5 Qb7 15.
e4 Nb4 16. Bf4 Nxd5 17. exd5 Bf6 18. Bg5 Bxg5 19. Nxg5 Bf5 20. Qf3 Qd7 21. g4
Bg6 22. Qg3 Rfe8 23. Rd2 Rad8 24. Nf3 Be4 25. Ne5 Qd6 26. f4 Bxd5 27. Rad1 Qe6
28. g5 b5 29. axb5 axb5 30. Ng4 Kh8 31. f5 Qe4 32. f6 Qh1+ 33. Kf2 Re2+ 34.
Kxe2 Bc4+ 35. Kf2 1-0

[Event "Superettan(Alingsas-Kungstornet)"]
[Site "?"]
[Date "2019.01.12"]
[Round "4"]
[White "Couso, Luis"]
[Black "Bjorklund, Thomas"]
[Result "0-1"]
[WhiteElo "2288"]
[BlackElo "2161"]
[PlyCount "98"]
1. c4 c5 2. g3 g6 3. Bg2 Bg7 4. Nc3 Nf6 5. Nf3 Nc6 6. d4 cxd4 7. Nxd4 O-O 8.
O-O Qb6 9. Nb3 d6 10. Bg5 Be6 11. Nd5 Bxd5 12. cxd5 Ne5 13. Be3 Qa6 14. Bd4
Ned7 15. Qd2 Rac8 16. Qa5 Nc5 17. Qxa6 Nxa6 18. a3 Nc7 19. Bxa7 Nfxd5 20. Rad1
Nb5 21. Rxd5 Nxa7 22. Rd2 Rc7 23. Rb1 Rfc8 24. Bh3 Rd8 25. e3 Kf8 26. Nd4 e6
27. a4 Ke7 28. b4 Bxd4 29. Rxd4 Nc6 30. Rc4 Rdc8 31. Bg2 Ne5 32. Rxc7+ Rxc7 33.
a5 d5 34. Ra1 f5 35. b5 Kd6 36. Bf1 Nc4 37. Bxc4 dxc4 38. Kf1 Kc5 39. b6 Rc8
40. Ke2 Rd8 41. Rb1 Ra8 42. Ra1 Ra6 43. Kd2 Kb4 44. Rb1+ Kxa5 45. Kc3 Rxb6 46.
Ra1+ Kb5 47. Rd1 Kc5 48. Rd8 Rb3+ 49. Kc2 b5 0-1

[Event "Superettan(Vasteras II-Rock,Sthlm II)"]
[Site "?"]
[Date "2019.01.12"]
[Round "4"]
[White "Crevatin, Leo"]
[Black "Carlsson, Ludvig"]
[Result "0-1"]
[WhiteElo "2157"]
[BlackElo "2177"]
[PlyCount "72"]
1. d4 Nf6 2. c4 g6 3. f3 Bg7 4. e4 d6 5. Nc3 O-O 6. Be3 b6 7. Nge2 c5 8. Qd2
Nc6 9. d5 Ne5 10. b3 a6 11. Rc1 e6 12. Nf4 Rb8 13. a4 exd5 14. Nfxd5 Nxd5 15.
Nxd5 Nc6 16. Bd3 Nd4 17. Rb1 Be6 18. O-O Qd7 19. Nf4 b5 20. Nxe6 Qxe6 21. cxb5
axb5 22. Bxd4 Bxd4+ 23. Kh1 c4 24. Be2 Bg7 25. Rfd1 c3 26. Qc2 bxa4 27. bxa4
Rb2 28. Rxb2 cxb2 29. a5 Rc8 30. Qb1 Qb3 31. a6 Qa3 32. a7 Qxa7 33. Bd3 Qa1 34.
Bc2 Qxb1 35. Bxb1 Rc1 36. Rxc1 bxc1=R# 0-1

[Event "Superettan(Alingsas-Kungstornet)"]
[Site "?"]
[Date "2019.01.12"]
[Round "4"]
[White "Dahlgren, Jonas"]
[Black "Andersson, Fredrik"]
[Result "0-1"]
[WhiteElo "2008"]
[BlackElo "2287"]
[PlyCount "72"]
1. e4 c5 2. Nc3 Nc6 3. Bb5 Nd4 4. Bc4 e6 5. Nge2 a6 6. d3 b5 7. Bb3 Nxb3 8.
axb3 Bb7 9. O-O d6 10. f4 Nf6 11. Qe1 Be7 12. Qg3 g6 13. e5 Nh5 14. Qf2 d5 15.
g4 Ng7 16. Ng3 Qd7 17. Bd2 h5 18. g5 h4 19. Nge2 b4 20. Na4 d4 21. h3 Qc6 22.
Kh2 Nf5 23. Rg1 O-O-O 24. Rad1 Kb8 25. Bc1 Rd7 26. Bd2 c4 27. Qe1 cxd3 28. cxd3
Qb5 29. Bc1 Rc7 30. Qf2 Rc2 31. Rge1 Rd8 32. Bd2 Qxd3 33. Bxb4 Rxe2 34. Rxe2
Qxd1 35. Re1 Qf3 36. Qxf3 Bxf3 0-1